| 000 | 01440nac a22003371i 4500 | ||
|---|---|---|---|
| 003 | EG-ScBUE | ||
| 005 | 20250709083030.0 | ||
| 008 | 250701s2005 flua f b 001 0 eng d | ||
| 020 | _a0849304865 | ||
| 020 | _a9780849304866 | ||
| 035 | _a(OCoLC)ocm38583976 | ||
| 040 |
_aEG-ScBUE _beng _erda _cEG-ScBUE _dEG-ScBUE |
||
| 082 | 0 | 4 |
_a540 _222 _bCRC |
| 245 | 0 | 0 |
_aCRC handbook of chemistry and physics : _ba ready-reference book of chemical and physical data / _ceditor-in-chief David R. Lide, Ph.D., former director, standard reference data, National Institute of Standards and Technology. |
| 246 | 3 | 0 | _aHandbook of chemistry and physics |
| 250 | _aEighty-sixth edition. | ||
| 264 | 1 |
_aBoca Raton, Florida : _bTaylor & Francis Group, _c2005. |
|
| 300 |
_a1 volume (various pagings) : _billustrations ; _c26 cm |
||
| 336 |
_2rdacontent _atext _btxt |
||
| 337 |
_aunmediated _2rdamedia _bn |
||
| 338 |
_avolume _bnc _2rdacarrier |
||
| 500 | _a"Part of the Chapman and Hall/CRCnetBASE series." | ||
| 500 | _aIncludes Appendices. | ||
| 504 | _aIncludes bibliographical references and index. | ||
| 538 | _aSystem requirements: IBM PC or compatible, 486 or higher, Windows '95 or higher, 16 MB RAM, CD-ROM drive, Adobe Acrobat software (included on disc). | ||
| 650 | 7 |
_aChemistry _vTables. _2BUEsh |
|
| 650 | 7 |
_aPhysics _vTables. _2BUEsh |
|
| 655 | _vReading book | ||
| 700 | 1 |
_4Lide, David R., _cJr., _d1928- _eeditor. |
|
| 942 |
_cNB _2ddc |
||
| 999 |
_c192 _d192 |
||